The word in life study Bible : (Record no. 6816)
[ view plain ]
| 000 -LEADER | |
|---|---|
| fixed length control field | 00860cam a2200253 a 4500 |
| 001 - CONTROL NUMBER | |
| control field | 2607906 |
| 003 - CONTROL NUMBER IDENTIFIER | |
| control field | GBCCL |
| 005 - DATE AND TIME OF LATEST TRANSACTION | |
| control field | 20241126110612.0 |
| 008 - FIXED-LENGTH DATA ELEMENTS--GENERAL INFORMATION | |
| fixed length control field | 970813s1996 tnuab 000 0 eng |
| 010 ## - | |
| -- | 97183141 |
| 020 ## - INTERNATIONAL STANDARD BOOK NUMBER | |
| International Standard Book Number | 0840719469 |
| 040 ## - CATALOGING SOURCE | |
| Original cataloging agency | DLC |
| Transcribing agency | DLC |
| Modifying agency | DLC |
| 050 00 - | |
| -- | BS195 |
| -- | .N38 1996 |
| 082 00 - DEWEY DECIMAL CLASSIFICATION NUMBER | |
| Classification number | 220.5208 |
| Edition information | 21 |
| Item number | BIB |
| 130 0# - | |
| -- | Bible. |
| -- | English. |
| -- | New King James. |
| -- | 1996. |
| -- | 12218 |
| 245 14 - TITLE STATEMENT | |
| Title | The word in life study Bible : |
| Remainder of title | New King James Version. |
| 260 ## - PUBLICATION, DISTRIBUTION, ETC. | |
| Place of publication, distribution, etc. | Nashville, Tenn. : |
| Name of publisher, distributor, etc. | T. Nelson Publishers, |
| Date of publication, distribution, etc. | c1996. |
| 300 ## - PHYSICAL DESCRIPTION | |
| Extent | xxxiii, 2455 p. : |
| Other physical details | ill., maps ; |
| Dimensions | 24 cm. |
| 710 2# - ADDED ENTRY--CORPORATE NAME | |
| Corporate name or jurisdiction name as entry element | Thomas Nelson Publishers. |
| 9 (RLIN) | 1670 |
| 856 42 - ELECTRONIC LOCATION AND ACCESS | |
| Materials specified | Publisher description |
| Uniform Resource Identifier | <a href="http://www.loc.gov/catdir/enhancements/fy0609/97183141-d.html">http://www.loc.gov/catdir/enhancements/fy0609/97183141-d.html</a> |
| 906 ## - LOCAL DATA ELEMENT F, LDF (RLIN) | |
| a | 7 |
| b | cbc |
| c | orignew |
| d | 2 |
| e | ncip |
| f | 19 |
| g | y-gencatlg |
| 942 ## - ADDED ENTRY ELEMENTS (KOHA) | |
| Source of classification or shelving scheme | Dewey Decimal Classification |
| Koha item type | Reference Books |
| Withdrawn status | Lost status | Source of classification or shelving scheme | Damaged status | Not for loan | Home library | Current Library | Shelving location | Date acquired | Total checkouts | Full call number | Barcode | Date last seen | Copy number | Price effective from | Koha item type |
|---|---|---|---|---|---|---|---|---|---|---|---|---|---|---|---|
| Dewey Decimal Classification | GRACE BIBLE COLLEGE | GRACE BIBLE COLLEGE | Bible | 2018-06-29 | 220.5208 BIB | 013095 | 2025-05-01 | c.1 | 2018-06-29 | Reference Books |